000 00683cam a22002533a 4500
001 422
003 PGUSA
005 20140828082948.0
008 960201s1996||||xxu|||||s|||||000 1 eng d
040 _aPGUSA
_beng
042 _adc
050 4 _aPR
100 1 _aBorrow, George,
_d1803-1881
245 1 4 _aThe Romany Rye
_h[electronic resource] /
_cGeorge Borrow
260 _bProject Gutenberg,
_c1996
500 _aSequel to Lavengro
506 _aPublic domain in the USA.
516 _aElectronic text
653 _aEngland -- Fiction
653 _aRomanies -- Fiction
830 0 _aProject Gutenberg
_v422
856 4 0 _uhttp://www.gutenberg.org/ebooks/422
942 _cEB
999 _c229773
_d229773